00281nam a2200133Ia 4500008004100000020001200041082001700053245001500070250000900085260001200094300002400106650001000130856000700140210430s9999 xx 000 0 und d a6/15/11 a546 S5241 I  aA.G.Sharpe a702p aPearson aInorganic Chemistry aIndia uBK